عرض عادي
عرض مارك
- Leadership in Energy and Environmental Design Green Building Rating System.
مدخل مصطلح موضوعي
001 - رقم الضبط
- حقل الضبط: 19250
003 - معرف رقم الضبط
- حقل الضبط: OSt
005 - تاريخ ووقت أخر عملية
- حقل الضبط: 20121229195353.0
008 - عناصر بيانات ثابتة الطول
- حقل تحكم ثابت الطول: 121229|||a|||||| | ||| d
040 ## - مصدر الفهرسة
- هيئة الفهرسة الأصلية: OSt
- وكالة الكتابة: OSt
150 ## - مدخل-- مصطلح تاريخي
- عنصر مدخل المصطلح الموضوعي او الاسم الجغرافي: Leadership in Energy and Environmental Design Green Building Rating System.
670 ## - بيانات المصدر موجوده
- الاستشهاد بالمصدر: Work cat.: (OSt)0: Yellamraju, Vijaya. 19248, LEED-new construction project management /, c2011.
